000 00600nam a2200193Ia 4500
005 20250508165522.0
008 008 250505s9999 xx 000 0 eng d
037 _aDissertations
040 _aFEDL
_beng
_cFEDL
041 _aeng
_2eng
084 _a420.7, SON/DI
_qFEDL
100 _aSoni Seema
_9781079
245 0 _aComparative analysis of primary school english textbooks of government and private school w.r.t. NCF' 05
260 _c2015
300 _a81p.
546 _aM.Ed. Dissertation, (Delhi University)
942 _cDIS
_h420.7, SON/DI
999 _c1395619
_d1395619